| 000 | 00781nam a22001937a 4500 | ||
|---|---|---|---|
| 003 | NUST - PNEC | ||
| 005 | 20170116181204.0 | ||
| 008 | 160223b xxu||||| |||| 00| 0 eng d | ||
| 020 | _a9781482217032 | ||
| 040 | _cLIBRARY | ||
| 082 | _a621.0420 BUX | ||
| 100 |
_916610 _aBuxton, Gavin |
||
| 245 |
_a Alternative energy technologies : an introduction with computer simulations _cGavin Buxton |
||
| 260 |
_aNew York _bCRC Press _cc.2015 |
||
| 300 | _a286 p. : | ||
| 650 |
_916611 _aBuxton, Gavin (Gavin Alan) _xMIS |
||
| 856 | _uhttp://www.amazon.com/Alternative-Energy-Technologies-Introduction-Simulations/dp/1482217031/ref=sr_1_1?s=books&ie=UTF8&qid=1456218687&sr=1-1&keywords=Alternative+energy+technologies+%3A+an+introduction+with+computer+simulations | ||
| 942 |
_2ddc _cBK |
||
| 999 |
_c71582 _d71582 |
||